The Rolling Stones Albums - Statistics

General Stats
  • This quiz has been taken 158 times
    130 since last reset
  • The average score is 15 of 28
Answer Stats
Year Album % Correct
1971 Sticky Fingers
85%
1972 Exile On Main St.
83%
1969 Let It Bleed
82%
1964 The Rolling Stones
78%
1973 Goats Head Soup
74%
1968 Beggars Banquet
71%
1978 Some Girls
71%
1966 Aftermath
69%
1981 Tattoo You
67%
2023 Hackney Diamonds
58%
1976 Black And Blue
57%
1989 Steel Wheels
54%
1967 Between The Buttons
53%
1967 Their Satanic Majesties Request
51%
1994 Voodoo Lounge
50%
1997 Bridges To Babylon
49%
1974 It's Only Rock N' Roll
47%
1980 Emotional Rescue
46%
1983 Undercover
44%
1965 Out Of Our Heads
40%
2005 A Bigger Bang
39%
2016 Blue & Lonesome
36%
1986 Dirty Work
33%
1965 December's Children (And Everybody's)
31%
1964 England's Newest Hit Makers
31%
1964 12 x 5
29%
1965 The Rolling Stones, Now!
24%
1965 The Rolling Stones No. 2
21%
No matching quizzes found
Score Distribution
Percent of People with Each Score
Percentile by Number Answered
Your Score History
You have not taken this quiz since the last reset